| 000 | 00457cam a2200181ua 4500 | ||
|---|---|---|---|
| 020 | _c2.25 | ||
| 041 |
_ahin _h |
||
| 082 |
_a891.43 _bBHA/HI |
||
| 100 | _aBhagavaticharan, Varma . | ||
| 245 |
_aHindi gadh sangrah / _cBhagavaticharan Varma. _hTextual Documents |
||
| 250 |
_a1 / _b. |
||
| 260 |
_aLondon : _bMacMillan and Company Limited , _c1970. |
||
| 300 | _a200 ; . | ||
| 365 | _a2.25 | ||
| 504 | _a | ||
| 942 | _cBK | ||
| 999 |
_c12138 _d12138 |
||